Transferencia de calor y masa: fundamentos y aplicaciones

Enregistré dans:
Détails bibliographiques
Auteur principal: Cengel, Yunus A (Auteur)
Autres auteurs: Ghajar, Afshin J (autor)
Format: Livre
Langue:espagnol
Publié: Ciudad de México McGraw Hill Educación 2011
Édition:4a. ed
Sujets:
Tags: Ajouter un tag
Pas de tags, Soyez le premier à ajouter un tag!

MARC

LEADER 00000cam a2200000 a 4500
001 UCE5429
003 CL-VaPUC
008 141230e20110000mx |||||||||||||||||spa|d
020 |a 9786071505408 
082 0 4 |a 536.2  |b CEN  |2 21 
100 0 |a Cengel, Yunus A  |e author  |9 578048 
700 |a Ghajar, Afshin J  |e autor  |9 578049 
245 1 0 |a Transferencia de calor y masa: fundamentos y aplicaciones 
250 |a 4a. ed 
300 |a 920 p 
942 |c BK 
945 |d 20141230 16:04:00  |a arojas 
260 |a Ciudad de México  |b McGraw Hill Educación  |c 2011 
500 |a Incluye DVD 
650 0 |a Termodinámica   |9 259320 
650 0 |a Mecánica   |9 260096 
650 0 |a Calor  |9 260253 
650 0 |a Energía   |9 259431 
650 7 |a TRANSMISION DE ENERGIA  |2 CL-VaPUC  |9 491621 
650 0 |a Conducción de calor  |9 439722 
650 7 |a PROPIEDADES TERMOFISICAS  |2 CL-VaPUC  |9 352310 
650 0 |a Radiación  |9 259874 
650 7 |a TRANSMISION DEL CALOR  |2 CL-VaPUC  |9 259311 
583 |a last modification  |c 20141230 16:04:00  |k Rodrigo Vera 
999 |c 358147  |d 358145 
952 |0 0  |1 0  |3 erb  |4 0  |6 536_200000000000000_CEN_2011  |7 0  |8 R  |9 466664  |a BIBMEC  |b BIBMEC  |i 513353K  |l 2  |o 536.2 CEN 2011  |p 513353K  |r 2024-01-19  |s 2023-07-04  |w 2019-11-23  |y BK_R  |z Catalogado en:20141230  |k MEC 
952 |0 0  |1 0  |3 erb  |4 0  |6 536_200000000000000_CEN_2011  |7 0  |8 R  |9 466665  |a BIBMEC  |b BIBMEC  |i 5133548  |l 1  |o 536.2 CEN 2011  |p 5133548  |r 2024-05-22  |s 2024-05-15  |w 2019-11-23  |y BK_R  |z Catalogado en:20141230  |k MEC 
952 |0 0  |1 0  |3 erb  |4 0  |6 536_200000000000000_CEN_2011  |7 0  |8 R  |9 466666  |a BIBMEC  |b BIBMEC  |i 5133556  |l 8  |m 1  |o 536.2 CEN 2011  |p 5133556  |r 2024-05-15  |s 2024-05-08  |w 2019-11-23  |y BK_R  |z Catalogado en:20141230  |k MEC 
952 |0 0  |1 0  |3 erb  |4 0  |6 536_200000000000000_CEN_2011  |7 0  |8 R  |9 466667  |a BIBMEC  |b BIBMEC  |i 5133564  |l 8  |m 1  |o 536.2 CEN 2011  |p 5133564  |r 2024-05-22  |s 2024-05-08  |w 2019-11-23  |y BK_R  |z Catalogado en:20141230  |k MEC 
952 |0 0  |1 0  |3 erb  |4 0  |6 536_200000000000000_CEN_2011  |7 0  |8 R  |9 466668  |a BIBMEC  |b BIBMEC  |i 5136288  |l 2  |o 536.2 CEN 2011  |p 5136288  |r 2024-01-19  |s 2022-08-02  |w 2019-11-23  |y BK_R  |z Catalogado en:20150123  |k MEC 
952 |0 0  |1 0  |3 erb  |4 0  |6 536_200000000000000_CEN_2011  |7 0  |8 R  |9 466669  |a BIBMEC  |b BIBMEC  |i 513627K  |l 4  |m 1  |o 536.2 CEN 2011  |p 513627K  |r 2024-05-22  |s 2024-05-08  |w 2019-11-23  |y BK_R  |z Catalogado en:20150123  |k MEC